पर्यावरण दशा और दिशा / (Record no. 120198)
[ view plain ]
| 000 -LEADER | |
|---|---|
| fixed length control field | 01403nam a22002777a 4500 |
| 005 - DATE AND TIME OF LATEST TRANSACTION | |
| control field | 20170124103154.0 |
| 010 ## - LIBRARY OF CONGRESS CONTROL NUMBER | |
| LC control number | B-068475 |
| 020 ## - INTERNATIONAL STANDARD BOOK NUMBER | |
| Terms of availability | 100.00 |
| 035 ## - SYSTEM CONTROL NUMBER | |
| System control number | B-068475 |
| 037 ## - SOURCE OF ACQUISITION | |
| Source of stock number/acquisition | Cen Lib/Ret |
| 040 ## - CATALOGING SOURCE | |
| Original cataloging agency | DPL |
| Language of cataloging | HN |
| 082 ## - DEWEY DECIMAL CLASSIFICATION NUMBER | |
| Classification number | 363.7 |
| Item number | निश्तर |
| 100 ## - MAIN ENTRY--PERSONAL NAME | |
| Personal name | निश्तर खानकाही |
| 9 (RLIN) | 89094 |
| 245 ## - TITLE STATEMENT | |
| Title | पर्यावरण दशा और दिशा / |
| Statement of responsibility, etc | निश्तर खानकाही, गिरिराजशरणअग्रवाल [एवं] मीना अग्रवाल |
| 246 ## - VARYING FORM OF TITLE | |
| Title proper/short title | Paryavaran dasha or disha / |
| Remainder of title | by Nishtar Khankahi , Girirajshanran Agrvala [evam] Menaa agrval |
| 260 ## - PUBLICATION, DISTRIBUTION, ETC. (IMPRINT) | |
| Place of publication, distribution, etc | नई दिल्ली |
| Name of publisher, distributor, etc | डायमंड पोकेट बोक्क्स |
| Date of publication, distribution, etc | 2002 |
| 270 ## - ADDRESS | |
| Address | x-30, ओखला इंडस्ट्रियल एरिया, फेस-2 |
| City | नई दिल्ली |
| Postal code | 110020 |
| 300 ## - PHYSICAL DESCRIPTION | |
| Extent | 240पृ. |
| Dimensions | 20सेमी(सजिल्द) |
| 650 ## - SUBJECT ADDED ENTRY--TOPICAL TERM | |
| Topical term or geographic name as entry element | पर्यावरण शिक्षा |
| 9 (RLIN) | 1483 |
| 650 ## - SUBJECT ADDED ENTRY--TOPICAL TERM | |
| Topical term or geographic name as entry element | पर्यावरण शिक्षा--दशा |
| 9 (RLIN) | 89095 |
| 650 ## - SUBJECT ADDED ENTRY--TOPICAL TERM | |
| Topical term or geographic name as entry element | Environmental education |
| 9 (RLIN) | 13681 |
| 650 ## - SUBJECT ADDED ENTRY--TOPICAL TERM | |
| Topical term or geographic name as entry element | Environmental education - state |
| 9 (RLIN) | 89096 |
| 700 ## - ADDED ENTRY--PERSONAL NAME | |
| Personal name | अगरवाल, गिरिराजशरण |
| 9 (RLIN) | 42649 |
| 700 ## - ADDED ENTRY--PERSONAL NAME | |
| Personal name | अगरवाल, मीना |
| 9 (RLIN) | 89097 |
| 942 ## - ADDED ENTRY ELEMENTS (KOHA) | |
| Source of classification or shelving scheme | Dewey Decimal Classification |
| Koha item type | Hindi Books |
| Classification part | 363.7 |
| Call number suffix | निश्तर |
| Withdrawn status | Lost status | Damaged status | Not for loan | Home library | Current library | Date acquired | Source of acquisition | Cost, normal purchase price | Total Checkouts | Full call number | Barcode | Date last seen | Copy number | Cost, replacement price | Price effective from | Koha item type |
|---|---|---|---|---|---|---|---|---|---|---|---|---|---|---|---|---|
| Central Library | Central Library | 21/09/2015 | Cen Lib/Ref | 100.00 | 363.7 निश्तर | B-068475 | 21/09/2015 | 1 | 100.00 | 21/09/2015 | Hindi Books |
